000 03418nam a2200433 a 4500
003 CHAP
005 20241007140223.0
007 cr ||||||a|c|a
008 101122s2010 mx r 00010 spa d
035 _a111558
040 _cCHAP
090 _aTesis
100 1 _aHernández Cruz, Mario.
_953927
245 1 0 _aUso de vermicomposta en la producción de jitomate (Lycopersicon esculentum Mill) bajo condiciones de invernadero
_c/por Mario Hernández Cruz; director de tesis María Antonia Pérez Olvera.
264 1 _aChapingo, Méx. :
_bEl autor,
_c2010
300 _a1 recurso en línea (87 páginas):
_bcuadros, figuras.
336 _2rdacontent
_atexto
_btxt
337 _2rdamedia
_acomputadora
_bc
338 _2rdacarrier
_arecursos en línea
_bcr
502 _aTesis (Ing. Agr. Esp. en Fitotecnia) -- UACH. Departamento de Fitotecnia
_bIAEF
_cFitotecnia
_d2010.
_gLIC
520 _aCon el objetivo de contribuir al desarrollo de nuevas tecnologías de producción de cultivos, se planteó la evaluación de vermicomposta aplicada al sustrato, como fuente alternativa de nutrientes, en la producción de jitomate bajo condiciones de invernadero. Se evaluaron cuatro niveles de vermicomposta (25, 50, 75 y 100 %) mezclada con base en volumen con suelo natural, las cuales se emplearon como medio de crecimiento de jitomate, variedad SUN7705, distribuidos en un diseño experimental completamente al azar. Las variables evaluadas fueron altura de planta (AP), racimos cosechados (RC), peso de racimo (PMR), frutos por racimo (FPR), peso de fruto (PMF), rendimiento total (RTO), y rendimiento por calidad de fruto (CF PRIMERA, CF SEGUNDA, y CF TERCERA). Como resultados se obtuvo que las variables RC, RTO, CF SEGUNDA, y CF TERCERA, presentaron diferencias estadísticas, mientras que el resto de las variables evaluadas no fueron afectadas significativamente. La mejor respuesta en rendimiento se obtuvo en el nivel 25 % vermicomposta con una media de 2044 g·planta-1 (81.76 t·ha-1), seguido de los niveles 100, 75, 50 y 0 % vermicomposta, con valores de 1818.4, 1773.3, 1729.4 y 1485.0 g·planta-1 respectivamente. Para la variable calidad de fruto, el tratamiento con 25 % vermicomposta, presentó el rendimiento más alto de primera calidad (1038.8 g·planta-1); mientras que en segunda y tercera calidad los rendimientos más altos se generaron en el nivel 100 % vermicomposta. Se concluyó que el empleo de vermicomposta en el sustrato mejora el rendimiento de jitomate; por lo que es una opción adecuada como aporte de nutrientes y como medio de crecimiento para el cultivo de jitomate bajo condiciones de invernadero.
590 _aALEPH
_b10
_c20130110
590 _aBATCH-UPD
_b10
_c20130110
590 _aBATCH-UPD
_b10
_c20130410
590 _aBATCH-UPD
_b10
_c20130914
590 _aBATCH-UPD
_b10
_c20140324
590 _aBATCH-UPD
_b10
_c20141002
590 _aCONVERSION
_b10
_c20130109
650 0 4 _aCompost.
_926105
650 0 4 _aTomate
_xCultivos en invernadero.
_9113704
700 1 _aPérez Olvera, María Antonia
_989897
_eDirector de tesis.
856 _uhttp://10.13.5.2/tesis/111558.pdf
_zDESCARGAR PDF
901 _aBK
942 _cTD
_2Clasificación Universidad Autónoma Chapingo
949 _bBC
_cTES
_d33724002224405
_eTS2
_fc.2
_gDonaciØn
_h51527
_i111558
_sb
949 _bBC
_cTES
_d33724002224446
_eTS1
_gDonaciØn
_h51526
_i111558
_sb
999 _c99900
_d99900